Sports Quiz

Random Sports or Rugby Quiz

Nations that play Rugby Quiz Stats

 Plays Quiz not verified by Sporcle

Score 0/78 Timer 12:00
0 Plays Today
Code Country,Territory or Nation % Correct
BothEngland
97.9%
BothAustralia
97.1%
BothIreland
96.7%
BothNew Zealand
96.5%
BothWales
95.6%
BothScotland
95.2%
BothFrance
94.8%
BothSouth Africa
91.9%
BothUSA
91.9%
BothItaly
90.6%
UnionArgentina
89%
UnionCanada
88.7%
BothFiji
88.3%
BothSamoa
88.3%
BothRussia
86.5%
UnionSpain
86.5%
BothJapan
85.6%
BothPortugal
83.8%
BothTonga
83.5%
BothGermany
81%
UnionBrazil
76.7%
UnionRomania
74%
UnionNamibia
72.3%
UnionGeorgia
71.9%
LeagueMexico
70.8%
UnionUruguay
69%
LeagueSweden
67.1%
UnionNetherlands
66.9%
UnionIndia
65.6%
UnionKenya
64.6%
BothBelgium
64.4%
UnionChile
64%
LeagueNorway
63.5%
BothDenmark
62.3%
UnionZimbabwe
61.9%
UnionPoland
59.2%
LeagueGreece
53.5%
LeagueJamaica
53.5%
BothPapua New Guinea
53.1%
Code Country,Territory or Nation % Correct
BothPakistan
52.5%
UnionSwitzerland
51.9%
UnionSouth Korea
50.6%
UnionParaguay
49.6%
UnionCote d'Ivoire
43.3%
BothCzech Republic
42.1%
LeagueLatvia
41.2%
LeagueCuba
41%
UnionLithuania
40.4%
BothSerbia
40.2%
LeagueHungary
39.6%
LeagueEstonia
38.3%
UnionSri Lanka
37.5%
UnionHong Kong
37.1%
UnionVenezuela
36.9%
UnionZambia
35.4%
UnionAndorra
34.6%
BothMorocco
34.2%
UnionMalaysia
33.5%
LeagueUAE
33.5%
UnionTunisia
32.5%
LeagueMalta
31.9%
UnionUganda
31%
UnionSingapore
30.6%
LeagueSaudi Arabia
30.4%
UnionMadagascar
27.3%
UnionBarbados
27.1%
LeaguePanama
26.5%
BothSolomon Islands
26%
BothCook Islands
24.8%
LeagueQatar
23.7%
LeagueLebanon
23.1%
UnionMoldova
22.3%
UnionBermuda
16%
BothNiue
7.9%
LeaguePalestine
4.4%
LeagueHawaii
3.1%
LeagueTokelau
2.7%
LeagueCatalonia
2.5%

You're not logged in!

Compare scores with friends on all Sporcle quizzes.
OR
Log In

Show Comments

Extras

Top Quizzes Today


Score Distribution

Your Account Isn't Verified!

In order to create a playlist on Sporcle, you need to verify the email address you used during registration. Go to your Sporcle Settings to finish the process.

Report this User

Report this user for behavior that violates our Community Guidelines.

Details: